[Event "1700-2000"]
[Site "SchemingMind.com"]
[Date "2009.05.25"]
[Round "-"]
[White "emvarela"]
[Black "jdcald13"]
[Result "0-1"]
[WhiteCountry "ARG"]
[BlackCountry "USA"]
[WhiteElo "1816"]
[WhiteRD "91"]
[BlackElo "2031"]
[BlackRD "66"]
[GameID "205603"]

1. c4 c5 2. g3 g6 3. Nf3 Bg7 4. Bg2 Nc6 5. O-O Nf6 6. Nc3 O-O 7. b3 a6 8. d4 cxd4 9. Nxd4 Nxd4 10. Qxd4 d6
11. Bb2 Nd7 12. Qd2 Rb8 13. Nd5 Bxb2 14. Qxb2 b5 15. cxb5 axb5 16. Nb4 Ne5 17. e3 Bb7 18. Bxb7 Rxb7 19. Qe2 Qa8 20. Nd3 Nxd3
21. Qxd3 Rc8 22. a4 bxa4 23. Rxa4 Qb8 24. Rb1 Rc5 25. b4 Rbb5 26. Rba1 Rxb4 27. Ra8 Rc1+ 28. Kg2 Rxa1 29. Rxa1 Qb7+ 30. Kh3 Qf3
31. Qc3 Rh4+
0-1

[Event "1700-2000"]
[Site "SchemingMind.com"]
[Date "2009.05.26"]
[Round "-"]
[White "emvarela"]
[Black "smothered mate"]
[Result "1/2-1/2"]
[WhiteCountry "ARG"]
[BlackCountry "POL"]
[WhiteElo "1793"]
[WhiteRD "85"]
[BlackElo "1894"]
[BlackRD "66"]
[GameID "205604"]

1. e4 e5 2. Nf3 Nc6 3. d4 exd4 4. c3 d5 5. Nxd4 dxe4 6. Nxc6 Qxd1+ 7. Kxd1 bxc6 8. Bf4 Bd6 9. Be3 Ne7 10. Nd2 Bf5
11. h3 Nd5 12. g4 Bg6 13. Bg2 Nxe3+ 14. fxe3 Bc5 15. Ke2 O-O-O 16. Nb3 Bd6 17. Nd4 Kb7 18. Nf5 Bxf5 19. gxf5 Rhe8 20. Rad1 Re5
21. Rhf1 f6 22. Rd4 Rde8 23. b4 c5 24. bxc5 Bxc5 25. Rd7 R8e7 26. Rfd1 Kc6 27. Rxe7 Bxe7 28. Rd4 Bc5 29. Rxe4 Rxe4 30. Bxe4+ Kd6
31. Kf3 Ke5 32. Bd3 Ba3 33. e4 Bb2=
1/2-1/2

[Event "1700-2000"]
[Site "SchemingMind.com"]
[Date "2009.05.24"]
[Round "-"]
[White "emvarela"]
[Black "Schaakmaatje"]
[Result "1-0"]
[WhiteCountry "ARG"]
[BlackCountry "NED"]
[WhiteElo "1816"]
[WhiteRD "91"]
[BlackElo "1674"]
[BlackRD "50"]
[GameID "205605"]

1. e4 e6 2. d4 d5 3. Nc3 Bb4 4. a3 Bxc3+ 5. bxc3 c5 6. Qg4 Nf6 7. Qxg7 Rg8 8. Qh6 Rg6 9. Qe3 Nxe4 10. Bd3 f5
11. Bxe4 fxe4 12. g3 Qa5 13. Bd2 Nc6 14. Ne2 c4 15. O-O e5 16. f4 Bh3 17. Rf2 exd4 18. Nxd4 Qd8 19. Nxc6 bxc6 20. Qd4 Kd7
21. Rb1 Qc7 22. f5 Bxf5 23. Bf4
1-0

[Event "1700-2000"]
[Site "SchemingMind.com"]
[Date "2009.05.26"]
[Round "-"]
[White "emvarela"]
[Black "iwegiel"]
[Result "0-1"]
[WhiteCountry "ARG"]
[BlackCountry "POL"]
[WhiteElo "1780"]
[WhiteRD "85"]
[BlackElo "1969"]
[BlackRD "77"]
[GameID "205606"]

1. e4 e6 2. d4 d5 3. Nc3 Nf6 4. Bg5 Bb4 5. e5 h6 6. exf6 hxg5 7. fxg7 Rg8 8. Nf3 Rxg7 9. h4 gxh4 10. Rxh4 Rg8
11. g3 c5 12. Bb5+ Bd7 13. Bxd7+ Nxd7 14. dxc5 Bxc3+ 15. bxc3 Qa5 16. Qd4 Rc8 17. Rh8 Rf8 18. Rxf8+ Nxf8 19. Kd2 Qxc5 20. Qxc5 Rxc5
21. Rb1 b6 22. Nd4 Ra5 23. Rb2 Kd7 24. Kd3 e5 25. Nf5 Ke6 26. g4 Nd7 27. Ng7+ Kf6 28. Ne8+ Kg5 29. f3 Kf4 30. Ke2 Nc5
31. Rb4+ e4 32. Nc7 Kg3 33. fxe4 dxe4 34. Nd5 Kxg4 35. Ke3 f5 36. Nf6+ Kg5 37. Nd5 Rxa2 38. Kd4 Rxc2
0-1

[Event "1700-2000"]
[Site "SchemingMind.com"]
[Date "2009.05.24"]
[Round "-"]
[White "emvarela"]
[Black "Zagloba"]
[Result "0-1"]
[WhiteCountry "ARG"]
[BlackCountry "POL"]
[WhiteElo "1807"]
[WhiteRD "99"]
[BlackElo "1882"]
[BlackRD "74"]
[GameID "205607"]

1. e4 e5 2. Nf3 Nc6 3. Bb5 a6 4. Ba4 Nf6 5. O-O b5 6. Bb3 Bb7 7. d4 Nxd4 8. Nxe5 Nxb3 9. axb3 Bd6 10. Nd3 Nxe4
11. Re1 O-O 12. Nc3 Nxc3 13. bxc3 Qh4 14. g3 Qh3 15. f3 Bxg3 16. hxg3 Qxg3+ 17. Kf1 Bxf3 18. Qd2 Rfe8 19. Qf2 Qh3+
0-1

[Event "1700-2000"]
[Site "SchemingMind.com"]
[Date "2009.05.24"]
[Round "-"]
[White "Orhany24"]
[Black "emvarela"]
[Result "1-0"]
[WhiteCountry "TUR"]
[BlackCountry "ARG"]
[WhiteElo "1783"]
[WhiteRD "77"]
[BlackElo "1793"]
[BlackRD "85"]
[GameID "205608"]

1. e4 e5 2. Nf3 Nc6 3. Bc4 Bc5 4. c3 d6 5. d4 exd4 6. cxd4 Bb4+ 7. Nc3 Bg4 8. a3 Bxc3+ 9. bxc3 Qe7 10. O-O Kd7
11. Re1 h5 12. h3 Bxf3 13. Qxf3 f6 14. Qf5+ Kd8 15. Bf4 g5 16. Bh2 Qg7 17. e5 Nce7 18. Qe6 fxe5 19. dxe5 Rh6 20. Qf7 Qxf7
21. Bxf7 dxe5 22. Rxe5 Nf6 23. Rd1+ Nd7 24. Be6 Rxe6 25. Rxe6
1-0

[Event "1700-2000"]
[Site "SchemingMind.com"]
[Date "2009.05.24"]
[Round "-"]
[White "jdcald13"]
[Black "emvarela"]
[Result "1-0"]
[WhiteCountry "USA"]
[BlackCountry "ARG"]
[WhiteElo "2006"]
[WhiteRD "62"]
[BlackElo "1793"]
[BlackRD "85"]
[GameID "205609"]

1. c4 Nf6 2. Nc3 g6 3. g3 Bg7 4. Bg2 c5 5. Nf3 O-O 6. O-O Nc6 7. a3 b6 8. d4 cxd4 9. Nxd4 Bb7 10. Nxc6 Bxc6
11. Bxc6 dxc6 12. Qa4 Qc7 13. Bg5 Rfd8 14. Rad1 Rd6 15. Rxd6 exd6 16. Rd1 Nd7 17. Bf4 Be5 18. Bxe5 Nxe5 19. Ne4 Rd8 20. b4 Nxc4
21. b5 d5 22. bxc6 dxe4 23. Rxd8+ Qxd8 24. Qxc4 Qc8 25. Qxe4 Kf8 26. g4 Qd8 27. Qe5 Qd1+ 28. Kg2 Qc2 29. c7 Qc6+ 30. f3 f6
31. Qxf6+ Qxf6 32. c8=Q+ Kg7 33. Qc7+ Qf7 34. Qxf7+ Kxf7 35. f4 b5 36. Kf3 Ke6 37. Ke4 a5 38. Kd4
1-0

[Event "1700-2000"]
[Site "SchemingMind.com"]
[Date "2009.05.26"]
[Round "-"]
[White "smothered mate"]
[Black "emvarela"]
[Result "0-1"]
[WhiteCountry "POL"]
[BlackCountry "ARG"]
[WhiteElo "1894"]
[WhiteRD "66"]
[BlackElo "1793"]
[BlackRD "85"]
[GameID "205610"]

1. e4 e5 2. Nf3 Nc6 3. Bb5 a6 4. Bxc6 dxc6 5. O-O Bg4 6. h3 Bxf3 7. Qxf3 Qf6 8. Qxf6 Nxf6 9. d3 O-O-O 10. Bg5 Be7
11. Nd2 h6 12. Bh4 g5 13. Bg3 Bd6 14. Rfe1 Nh5 15. Bh2 Rdf8 16. g4 Nf4 17. Bxf4 exf4 18. e5 Bc5 19. c3 f5 20. d4 Be7
21. f3 fxg4 22. fxg4 h5 23. Nf3 hxg4 24. hxg4 Rh3 25. Kf2 Rfh8 26. Rg1 c5 27. d5 Kd7 28. c4 c6 29. d6 Bd8 30. b4 cxb4
31. c5 b6 32. Rge1 bxc5 33. Rad1 Ke6 34. Rc1 c4 35. Nd4+ Kd5 36. e6 Bb6 37. d7 Bxd4+ 38. Kf1 Rf3+ 39. Ke2 Re3+ 40. Kd1 Rd3+
41. Kc2 Rh2+ 42. Kb1 Rb2+ 43. Ka1 Rbb3+
0-1

[Event "1700-2000"]
[Site "SchemingMind.com"]
[Date "2009.05.24"]
[Round "-"]
[White "Schaakmaatje"]
[Black "emvarela"]
[Result "1-0"]
[WhiteCountry "NED"]
[BlackCountry "ARG"]
[WhiteElo "1676"]
[WhiteRD "50"]
[BlackElo "1835"]
[BlackRD "83"]
[GameID "205611"]

1. g4 d5 2. Bg2 Bxg4 3. c4 Be6 4. Qb3 Bc8 5. cxd5 Nf6 6. Nc3 g6 7. d4 c6 8. Bf4 cxd5 9. Nf3 a6 10. Ne5 Nc6
11. e3 Nxe5 12. Bxe5 e6 13. Rc1 Bg7 14. O-O O-O 15. Na4 Nd7 16. Bd6 Re8 17. Bc7 Qe7 18. Nb6 Nxb6 19. Bxb6 Bf8 20. Bc5 Qg5
21. Qd1 e5 22. dxe5 Bg4 23. f4 Bxc5 24. Rxc5 Qh5 25. Qc2 Bf5 26. Qf2 Be4 27. Bxe4 dxe4 28. Rfc1 Qg4+ 29. Qg2 Qxg2+ 30. Kxg2 Rad8
31. R1c2 Rd3 32. Kf2 Red8 33. Rc8 Rd2+ 34. Rxd2 Rxc8 35. Ke2 Rc6 36. Kd1 Kg7 37. Rd4 Rb6 38. Kc2 Rc6+ 39. Kd2 Rb6 40. b3 h5
41. Rxe4 f5 42. Rd4 Kf7 43. Kc3 Ke6 44. h4 Rc6+ 45. Rc4 Kd5 46. Rxc6 bxc6 47. a3 c5 48. b4 cxb4+ 49. axb4
1-0

[Event "1700-2000"]
[Site "SchemingMind.com"]
[Date "2009.05.26"]
[Round "-"]
[White "iwegiel"]
[Black "emvarela"]
[Result "0-1"]
[WhiteCountry "POL"]
[BlackCountry "ARG"]
[WhiteElo "2032"]
[WhiteRD "69"]
[BlackElo "1850"]
[BlackRD "85"]
[GameID "205612"]

1. b4 b5 2. a4 bxa4 3. Rxa4 d5 4. e3 Bd7 5. Ra1 e6 6. Bb2 Nf6 7. b5 Be7 8. Nf3 O-O 9. c4 dxc4 10. Bxc4 c6
11. Nc3 cxb5 12. Nxb5 Bxb5 13. Bxb5 Qb6 14. Qe2 Nbd7 15. Bd4 Bc5 16. Bc3 Rab8 17. Bd3 Nd5 18. Ba5 Qd6 19. O-O Bb6 20. Bxb6 axb6
21. g3 Nc5 22. Bb5 Rfc8 23. e4 Nc7 24. Rfb1 Nxb5 25. Rxb5 Qd3 26. Qxd3 Nxd3 27. Kf1 Rc5 28. Rab1 Rc1+ 29. Ke2 Rxb1 30. Rxb1 Nc5
31. d4 Nxe4 32. Ke3 Nd6 33. Ne5 b5 34. Nd3 Nc4+ 35. Ke2 g5 36. Nb4 f5 37. Ra1 Kg7 38. Kd3 Kf6 39. Ra7 h6 40. Kc3 Nd6
41. f3 g4 42. fxg4 fxg4 43. Ra6 Ne4+ 44. Kd3 Kf5 45. d5 Nc5+ 46. Kd4 Nxa6
0-1

[Event "1700-2000"]
[Site "SchemingMind.com"]
[Date "2009.05.24"]
[Round "-"]
[White "Zagloba"]
[Black "emvarela"]
[Result "1-0"]
[WhiteCountry "POL"]
[BlackCountry "ARG"]
[WhiteElo "1806"]
[WhiteRD "73"]
[BlackElo "1790"]
[BlackRD "80"]
[GameID "205613"]

1. d4 Nf6 2. c4 g6 3. Nc3 d5 4. cxd5 Nxd5 5. e4 Nxc3 6. bxc3 Bg7 7. Bb5+ Bd7 8. Bxd7+ Qxd7 9. Nf3 c5 10. Be3 cxd4
11. cxd4 Nc6 12. h4 Rd8 13. d5 Bxa1 14. Qxa1 f6 15. dxc6 Qxc6 16. Nd2 Kf7 17. O-O Rd3 18. Rc1 Qd7 19. Qb1 Rxd2 20. Bxd2 Qxd2
21. Qb3+ Kg7 22. Rd1 Qf4 23. Qxb7 Re8 24. g3 Qf3 25. Rd7 Qa3= 26. Qxa7 Qb4 27. Rd4 Qb1+ 28. Kg2 Kf7 29. a4 Rb8 30. Qc5 Qe1
31. Qc4+ Kf8 32. Qe6 Qa5 33. Rc4 g5 34. Rc8+ Rxc8 35. Qxc8+ Kg7 36. Qd7 Qb4 37. Qe6 Qxa4 38. Qxe7+ Kg6 39. h5+ Kxh5 40. Qxh7+
1-0

[Event "1700-2000"]
[Site "SchemingMind.com"]
[Date "2009.05.22"]
[Round "-"]
[White "pawngrabber"]
[Black "Orhany24"]
[Result "1-0"]
[WhiteCountry "ENG"]
[BlackCountry "TUR"]
[WhiteElo "1993"]
[WhiteRD "81"]
[BlackElo "1757"]
[BlackRD "76"]
[GameID "205636"]

1. d4 d5 2. c4 e6 3. Nf3 h6 4. e3 Nf6 5. Nc3 c5 6. cxd5 exd5 7. dxc5 Bxc5 8. Nd4 O-O 9. Be2 a6 10. O-O Nc6
11. Nxc6 bxc6 12. Bd2 Nd7 13. Rc1 Bd6 14. g3 f5 15. Bf3 Ne5 16. Bg2 Kh8 17. Ne2 Bd7 18. Bc3 Qe8 19. Qd4 Qg6 20. Nf4 Qf6
21. Nh5 Qg6 22. Qd1 Ng4 23. Nxg7 Be5 24. Bxe5 Nxe5 25. Nh5 Kh7 26. Nf4 Qg7 27. b3 Rg8 28. h3 Ng6 29. Nxg6 Qxg6 30. Qd4 h5
31. Qh4 Rae8 32. Kh2 Rg7 33. Bf3 Kh6 34. Rg1 Qe6 35. Qxh5#
1-0

[Event "1700-2000"]
[Site "SchemingMind.com"]
[Date "2009.05.23"]
[Round "-"]
[White "pawngrabber"]
[Black "jdcald13"]
[Result "0-1"]
[WhiteCountry "ENG"]
[BlackCountry "USA"]
[WhiteElo "1935"]
[WhiteRD "83"]
[BlackElo "1971"]
[BlackRD "66"]
[GameID "205637"]

1. d4 e6 2. c4 f5 3. Nc3 Nf6 4. Bg5 h6 5. Bxf6 Qxf6 6. Nf3 Bb4 7. e3 Nc6 8. a3 Be7 9. Bd3 b6 10. O-O Bb7
11. Nb5 O-O-O 12. d5 exd5 13. cxd5 Ne5 14. Nxe5 Qxe5 15. Rc1 Bd6 16. Nxd6+ Qxd6 17. Bxf5 Qxd5 18. e4 Qe5 19. Qa4 g6 20. Bxg6 Rhg8
21. Bf5 Qxf5
0-1

[Event "1700-2000"]
[Site "SchemingMind.com"]
[Date "2009.05.27"]
[Round "-"]
[White "pawngrabber"]
[Black "smothered mate"]
[Result "1/2-1/2"]
[WhiteCountry "ENG"]
[BlackCountry "POL"]
[WhiteElo "1956"]
[WhiteRD "82"]
[BlackElo "1882"]
[BlackRD "69"]
[GameID "205638"]

1. d4 d5 2. c4 e6 3. cxd5 exd5 4. Nc3 Nf6 5. Nf3 c5 6. e3 Nc6 7. Be2 Be6 8. O-O Rc8 9. b3 cxd4 10. Nxd4 Nxd4
11. Qxd4 Bd6 12. Bb2 Bb8 13. Bf3 a6 14. Rfd1 Qd6 15. g3 Rd8 16. a4 O-O 17. Ba3 Qd7 18. Bxf8 Kxf8 19. Rac1 b5 20. axb5 axb5
21. Qb6 Be5 22. Qxb5 Qxb5 23. Nxb5 Ke7 24. Nd4 Bd7 25. Nc6+ Bxc6 26. Rxc6 d4 27. exd4 Bxd4 28. Kg2 g5 29. Rc4 Bb6 30. Rxd8 Bxd8
31. b4 h5 32. b5 g4 33. Bc6 Bb6 34. f3 Kd6 35. h3 gxh3+ 36. Kxh3 Bc5 37. Rf4 Ke6 38. Kh4 Bd6 39. b6 Bxf4 40. gxf4 Kd6
41. b7 Kc7 42. Kg5 Ng8 43. Kxh5 Ne7 44. Be4 f5 45. Bd3 Kxb7 46. Kg5 Kc7 47. Bxf5 Kd8 48. Bg6 Nd5 49. Bf7 Nb6 50. Be6 Ke7
51. f5 Na4 52. Kg6 Kf8 53. f6 Nc5 54. Kf5 Nd3 55. Ke4=
1/2-1/2

[Event "1700-2000"]
[Site "SchemingMind.com"]
[Date "2009.05.24"]
[Round "-"]
[White "pawngrabber"]
[Black "Schaakmaatje"]
[Result "1-0"]
[WhiteCountry "ENG"]
[BlackCountry "NED"]
[WhiteElo "1968"]
[WhiteRD "84"]
[BlackElo "1710"]
[BlackRD "50"]
[GameID "205639"]

1. d4 Nf6 2. c4 d5 3. Nc3 c6 4. Qb3 e6 5. e3 Be7 6. Nf3 Nbd7 7. Be2 O-O 8. O-O dxc4 9. Qxc4 Nb6 10. Qb3 Nfd5
11. Bd2 Bd6 12. e4 Nf4 13. Bd1 Nd3 14. Ne2
1-0

[Event "1700-2000"]
[Site "SchemingMind.com"]
[Date "2009.05.27"]
[Round "-"]
[White "pawngrabber"]
[Black "iwegiel"]
[Result "1-0"]
[WhiteCountry "ENG"]
[BlackCountry "POL"]
[WhiteElo "1935"]
[WhiteRD "83"]
[BlackElo "1877"]
[BlackRD "72"]
[GameID "205640"]

1. d4 Nf6 2. c4 d6 3. Nc3 c6 4. e4 Nbd7 5. Nf3 e5 6. d5 cxd5 7. cxd5 Be7 8. Be2 Nc5 9. O-O Ncxe4 10. Nxe4 Nxe4
11. Qa4+
1-0

[Event "1700-2000"]
[Site "SchemingMind.com"]
[Date "2009.05.22"]
[Round "-"]
[White "pawngrabber"]
[Black "Zagloba"]
[Result "1-0"]
[WhiteCountry "ENG"]
[BlackCountry "POL"]
[WhiteElo "1993"]
[WhiteRD "81"]
[BlackElo "1822"]
[BlackRD "74"]
[GameID "205641"]

1. d4 f5 2. c4 Nf6 3. Nc3 e6 4. Nf3 Be7 5. Qc2 d5 6. Bf4 c6 7. e3 O-O 8. Be2 Nbd7 9. O-O Ne4 10. Ne5 Nxe5
11. Bxe5 Bd6 12. Bxd6 Qxd6 13. c5 Qe7 14. f3 Nxc3 15. Qxc3 Bd7 16. b4 g5 17. a4 Qg7 18. b5 Kh8 19. bxc6 bxc6 20. Rab1 Rfb8
21. Rb4 Bc8 22. Rfb1 Qc7 23. Qb2 Rxb4 24. Qxb4 a5 25. Qb6 Qd7 26. Qb2 Ra7 27. Qc3 Qc7 28. Rb6 Kg7 29. Qd2 Kg6 30. Bd3 Kf6
31. g3 Ra8 32. e4 h6 33. e5+ Kg6 34. g4 Bd7 35. gxf5+ exf5 36. Qb2 Bc8 37. Bb5 Bb7 38. Bd3 Bc8 39. Qb5 Bd7 40. Rb7 Qd8
41. Qb6 Kh5 42. Qc7 Qxc7 43. Rxc7 Be8 44. Bxf5
1-0

[Event "1700-2000"]
[Site "SchemingMind.com"]
[Date "2009.05.24"]
[Round "-"]
[White "pawngrabber"]
[Black "emvarela"]
[Result "1/2-1/2"]
[WhiteCountry "ENG"]
[BlackCountry "ARG"]
[WhiteElo "1925"]
[WhiteRD "82"]
[BlackElo "1790"]
[BlackRD "80"]
[GameID "205642"]

1. d4 Nf6 2. c4 g6 3. Nc3 d5 4. e3 Bg7 5. cxd5 Nxd5 6. Bc4 Nxc3 7. bxc3 O-O 8. Qb3 Nd7 9. Nf3 Nb6 10. Be2 Be6
11. Qc2 c6 12. O-O Bc4 13. Bb2 Bxe2 14. Qxe2 Qc7 15. Rac1 Nd7 16. c4 e5 17. d5 cxd5 18. cxd5 Qa5 19. e4 Rac8 20. a3 f6
21. Qe3 Nb6 22. Nd2 Rxc1 23. Rxc1 Rc8 24. Rxc8+ Nxc8 25. Qc3 Qxc3 26. Bxc3 Bf8 27. Bb4 Bxb4 28. axb4 Nd6 29. f3 Kf7 30. Kf2 Ke7
31. Ke3 b5 32. Kd3 f5 33. g4 f4 34. h4 h5 35. g5 Nb7=
1/2-1/2

[Event "1700-2000"]
[Site "SchemingMind.com"]
[Date "2009.05.22"]
[Round "-"]
[White "Orhany24"]
[Black "pawngrabber"]
[Result "0-1"]
[WhiteCountry "TUR"]
[BlackCountry "ENG"]
[WhiteElo "1757"]
[WhiteRD "76"]
[BlackElo "1993"]
[BlackRD "81"]
[GameID "205643"]

1. d4 Nf6 2. c4 e6 3. a3 b6 4. Nc3 Bb7 5. f3 d5 6. e3 Bd6 7. Bd3 O-O 8. Nge2 Nc6 9. O-O Ne7 10. b4 c6
11. c5 Bc7 12. Bb2 b5 13. a4 a6 14. a5 Qd7 15. Kf2 Rad8 16. Qc2 Ng6 17. g3 e5 18. Rad1 e4 19. fxe4 Ng4+ 20. Kf3 Nxh2+
21. Kg2 Nxf1 22. Rxf1 dxe4 23. Nxe4 Qg4 24. Nf4 Bxf4 25. exf4 Bc8 26. Qf2 Nh4+ 27. Kg1 Nf5 28. Be2 Qh3 29. Qh2 Qxh2+ 30. Kxh2 Nxd4
31. Bd1 Nf5 32. Bg4 Ne3
0-1

[Event "1700-2000"]
[Site "SchemingMind.com"]
[Date "2009.05.23"]
[Round "-"]
[White "jdcald13"]
[Black "pawngrabber"]
[Result "0-1"]
[WhiteCountry "USA"]
[BlackCountry "ENG"]
[WhiteElo "1971"]
[WhiteRD "66"]
[BlackElo "1935"]
[BlackRD "83"]
[GameID "205644"]

1. c4 Nf6 2. Nc3 g6 3. g3 Bg7 4. Bg2 c5 5. Nf3 O-O 6. O-O Nc6 7. a3 d6 8. Rb1 a5 9. d4 cxd4 10. Nxd4 Nxd4
11. Qxd4 Bf5 12. Ra1 Ne4 13. Qe3 Nxc3 14. bxc3 Rc8 15. Bxb7 Rxc4 16. Bd2 Qc7 17. Bg2 Bxc3 18. Rac1 Bxd2 19. Qxd2 a4 20. Rxc4 Qxc4
21. Rc1 Qb3 22. Rc3 Qb1+ 23. Qc1 Qxc1+ 24. Rxc1 Rb8 25. Bc6 Rc8 26. Rc4 Be6 27. Rc2 Bb3
0-1

[Event "1700-2000"]
[Site "SchemingMind.com"]
[Date "2009.05.27"]
[Round "-"]
[White "smothered mate"]
[Black "pawngrabber"]
[Result "0-1"]
[WhiteCountry "POL"]
[BlackCountry "ENG"]
[WhiteElo "1918"]
[WhiteRD "74"]
[BlackElo "1944"]
[BlackRD "87"]
[GameID "205645"]

1. e4 d6 2. f4 Nf6 3. d3 e5 4. Nf3 Nc6 5. Nc3 Be7 6. Be2 Bd7 7. O-O O-O 8. f5 Nd4 9. Nxd4 exd4 10. Nb1 c5
11. g4 Ne8 12. Qe1 Bh4 13. Qd1 Bc6 14. Bf4 g5 15. Bc1 Qf6 16. Nd2 Qh6 17. Nf3 Nf6 18. h3 Rae8 19. Qd2 Nxe4 20. dxe4 Rxe4
21. Bd3 Re3 22. Qg2 Bxf3 23. Rxf3 Rxf3 24. Qxf3 Re8 25. Bd2 Qf6 26. Qxb7 Qe5 27. Qf3 d5 28. b3 c4 29. bxc4 dxc4 30. Bxc4 d3
31. c3 Qc5+ 32. Kh1 Qxc4 33. f6 Qe4 34. Kg2 Qe2+ 35. Qxe2 Rxe2+ 36. Kf3 Rxd2 37. Rb1 Rf2+ 38. Ke4 Rxf6 39. Kxd3 Ra6 40. Rb2 Bg3
41. Ke4 Rc6 42. Rc2 Be1 43. c4 Bb4 44. Kf5 h6 45. Ke5 Kg7 46. Kf5 Rc5+ 47. Ke4 Kg6 48. Kd4 f5 49. Re2 Kf7 50. Rb2 a5
51. Rb3 Rc7 52. gxf5 Kf6 53. a3 Rd7+ 54. Ke4 Bc5 55. Rb5 Rd4+ 56. Kf3 Rxc4 57. Rxa5 Rc3+ 58. Kg4 Bxa3 59. Ra6+ Kg7 60. Ra7+ Kg8
61. f6 Bf8 62. Kh5 Rxh3+ 63. Kg6 Ra3 64. Rd7 Ra6 65. Rd8 g4 66. Rd4 g3 67. Rg4 Bg7 68. Rxg3 Rxf6+ 69. Kh5 Kh7 70. Rg2 Rf5+
71. Kh4 Bf6+ 72. Kh3 Rh5+ 73. Kg4 Kg6 74. Kf3+ Rg5 75. Kf2 Be5 76. Kg1 Kh5 77. Kh1 Kh4 78. Ra2 Rg4 79. Ra3 Bg3 80. Ra5 Bf4
81. Rb5 Rg5 82. Rb3 Rh5 83. Rd3 Kg4+ 84. Kg1 Rh4 85. Rb3 h5 86. Rd3 Rh2 87. Rb3 Bg3 88. Rb5 h4 89. Rb3 Kh3 90. Rd3 Ra2
91. Rd1 Bf2+ 92. Kh1 Be3 93. Rd2 Ra1+
0-1

[Event "1700-2000"]
[Site "SchemingMind.com"]
[Date "2009.05.25"]
[Round "-"]
[White "Schaakmaatje"]
[Black "pawngrabber"]
[Result "0-1"]
[WhiteCountry "NED"]
[BlackCountry "ENG"]
[WhiteElo "1710"]
[WhiteRD "50"]
[BlackElo "1968"]
[BlackRD "84"]
[GameID "205646"]

1. g4 e6 2. c4 d5 3. Bg2 dxc4 4. Qa4+ Bd7 5. Qxc4 Nc6 6. a3 Nf6 7. h3 Bd6 8. Nf3 O-O 9. Nc3 Na5 10. Qa2 e5
11. b4 Nc6 12. d3 h6 13. Bd2 Qe7 14. Nd5 Nxd5 15. Qxd5 Be6 16. Qb5 Rab8 17. Rc1 Bb3 18. O-O a6
0-1

[Event "1700-2000"]
[Site "SchemingMind.com"]
[Date "2009.05.27"]
[Round "-"]
[White "iwegiel"]
[Black "pawngrabber"]
[Result "1-0"]
[WhiteCountry "POL"]
[BlackCountry "ENG"]
[WhiteElo "1926"]
[WhiteRD "74"]
[BlackElo "1951"]
[BlackRD "83"]
[GameID "205647"]

1. e4 d6 2. d4 Nf6 3. Nc3 g6 4. Nf3 Bg7 5. h3 O-O 6. Be3 a6 7. a4 b6 8. Qd2 Bb7 9. Bd3 Nbd7 10. O-O c5
11. d5 e5 12. Bh6 Rc8 13. b3 Qe7 14. Ne2 Rfe8 15. Ng3 Bh8 16. Qe2 Ra8 17. Rfb1 Nxd5 18. exd5 e4 19. Bxe4 f5 20. Bd3 Qxe2
21. Bxe2 Bxa1 22. Rxa1 Bxd5 23. Rd1 Nf6 24. Bg5 Ne4 25. Rxd5 Nxg3 26. Bc4 b5 27. axb5 axb5 28. Bxb5 Ra1+ 29. Kh2 Nf1+ 30. Bxf1 Rxf1
31. Rd2 Kg7 32. Bf4 d5 33. Rxd5 Rxf2 34. Be5+
1-0

[Event "1700-2000"]
[Site "SchemingMind.com"]
[Date "2009.05.23"]
[Round "-"]
[White "Zagloba"]
[Black "pawngrabber"]
[Result "0-1"]
[WhiteCountry "POL"]
[BlackCountry "ENG"]
[WhiteElo "1822"]
[WhiteRD "74"]
[BlackElo "1993"]
[BlackRD "81"]
[GameID "205648"]

1. e4 d6 2. d4 Nf6 3. Nc3 g6 4. Be3 c6 5. Qd2 b5 6. Nge2 b4 7. Nd1 Nxe4 8. Qxb4 d5 9. Ndc3 Nxc3 10. Qxc3 Bg7
11. O-O-O O-O 12. h4 h5 13. Nf4 a5 14. Nd3 Na6 15. a3 c5 16. Nxc5 Nxc5 17. Qxc5 Bb7 18. Bd3 Rc8 19. Qb5 Qc7 20. Kd2 e5
21. c3 e4 22. Be2 Bc6 23. Qb3 Rb8 24. Qc2 a4 25. Rb1 Rb3 26. g4 hxg4 27. Bxg4 f5 28. h5 fxg4 29. hxg6 Bb5 30. Qd1 Rf3
31. Qg1 g3 32. Rf1 Rxb2+
0-1

[Event "1700-2000"]
[Site "SchemingMind.com"]
[Date "2009.05.24"]
[Round "-"]
[White "emvarela"]
[Black "pawngrabber"]
[Result "1-0"]
[WhiteCountry "ARG"]
[BlackCountry "ENG"]
[WhiteElo "1816"]
[WhiteRD "91"]
[BlackElo "1993"]
[BlackRD "81"]
[GameID "205649"]

1. e4 d6 2. d4 Nf6 3. Nc3 g6 4. f4 Bg7 5. Nf3 c5 6. Bb5+ Bd7 7. Bxd7+ Nfxd7 8. Be3 Nc6 9. d5 Nb4 10. a3 Na6
11. Qd2 Nc7 12. O-O b5 13. b4 O-O 14. Rab1 a6 15. bxc5 Nxc5 16. Bxc5 dxc5 17. Rfd1 c4 18. e5 Ne8 19. Nd4 Qb6 20. Qf2 Rd8
21. Nc6 Qxf2+ 22. Kxf2 Rd7 23. Ne4
1-0

[Event "1700-2000"]
[Site "SchemingMind.com"]
[Date "2009.05.24"]
[Round "-"]
[White "Siebold"]
[Black "Orhany24"]
[Result "1-0"]
[WhiteCountry "NED"]
[BlackCountry "TUR"]
[WhiteElo "1791"]
[WhiteRD "87"]
[BlackElo "1751"]
[BlackRD "74"]
[GameID "205865"]

1. Nc3 d5 2. e4 d4 3. Nce2 c5 4. Ng3 e5 5. Bc4 Nf6 6. Nf3 Nfd7 7. a3 h6 8. O-O Be7 9. d3 Nc6 10. h3 O-O
11. Nh2 Kh8 12. Qh5 Nf6 13. Qe2 a6 14. f4 b5 15. Ba2 exf4 16. Bxf4 Be6 17. Nh5 Kh7 18. Nxf6+ Bxf6 19. Ng4 Bg5 20. Bxg5 Qxg5
21. Kh1 f5 22. Bxe6
1-0

[Event "1700-2000"]
[Site "SchemingMind.com"]
[Date "2009.05.25"]
[Round "-"]
[White "Siebold"]
[Black "jdcald13"]
[Result "1-0"]
[WhiteCountry "NED"]
[BlackCountry "USA"]
[WhiteElo "1814"]
[WhiteRD "82"]
[BlackElo "2031"]
[BlackRD "66"]
[GameID "205866"]

1. Nc3 e5 2. Nf3 Nc6 3. d4 exd4 4. Nxd4 Nxd4 5. Qxd4 Nf6 6. Bg5 Be7 7. O-O-O O-O 8. h4 c6 9. e4 a5 10. Bc4 b5
11. Be2 b4 12. Na4 h6 13. f4 d5 14. e5 Ne4 15. Bxe7 Qxe7 16. Qe3 Ba6 17. Bf3 Ng3 18. Rh3 Nf5 19. Qf2 Bb5 20. g4 Bxa4
21. gxf5 f6 22. e6 Rfd8 23. Rg1 Ra7 24. Rhg3 d4 25. Bh5 Qf8 26. Bf7+ Rxf7 27. exf7+ Qxf7 28. Rxg7+ Qxg7 29. Rxg7+ Kxg7 30. Qg3+ Kf8
31. Qg6 Rd6 32. Qxh6+ Ke7 33. Qg7+ Ke8 34. b3 Bb5 35. h5 d3 36. cxd3 Bxd3 37. h6 Bxf5 38. h7 Bxh7 39. Qxh7 Rd5 40. Qc7 Rf5
41. Qc8+
1-0

[Event "1700-2000"]
[Site "SchemingMind.com"]
[Date "2009.05.25"]
[Round "-"]
[White "Siebold"]
[Black "pawngrabber"]
[Result "0-1"]
[WhiteCountry "NED"]
[BlackCountry "ENG"]
[WhiteElo "1791"]
[WhiteRD "87"]
[BlackElo "1968"]
[BlackRD "84"]
[GameID "205867"]

1. d4 Nf6 2. Nc3 d5 3. e4 dxe4 4. f3 exf3 5. Nxf3 e6 6. Bg5 Be7 7. Bd3 Nc6 8. Bb5 Bd7 9. O-O O-O 10. Ne5 Qe8
11. Ng4 Nxg4 12. Qxg4 Bxg5 13. Qxg5 a6 14. Bd3 Nxd4 15. Rf4 Nf5 16. Raf1 Qe7 17. Qh5 Rad8 18. Ne4 Bc6 19. Ng3 Rxd3 20. cxd3 Nxg3
21. hxg3 Bd5 22. Rh4 h6 23. Rg4 f5 24. Rg6 Kh7 25. g4 Qf7 26. gxf5 exf5
0-1

[Event "1700-2000"]
[Site "SchemingMind.com"]
[Date "2009.05.28"]
[Round "-"]
[White "Siebold"]
[Black "smothered mate"]
[Result "0-1"]
[WhiteCountry "NED"]
[BlackCountry "POL"]
[WhiteElo "1814"]
[WhiteRD "82"]
[BlackElo "1914"]
[BlackRD "62"]
[GameID "205868"]

1. d4 d5 2. e4 e6 3. Nc3 Bb4 4. Qg4 Nf6 5. Qxg7 Rg8 6. Qh6 dxe4 7. Bg5 Rg6 8. Qh4 Qxd4 9. Bb5+ c6 10. Ne2 Bxc3+
11. bxc3 Qe5 12. Bxf6 Qxb5 13. O-O-O Nd7 14. Bd8 f6 15. Qxh7 Qg5+ 16. Kb1 Kxd8 17. Nd4 f5 18. h4 Qh6 19. Qxh6 Rxh6 20. f3 c5
21. Nb5 e3 22. Nd6 Kc7 23. g4 fxg4 24. fxg4 Ne5 25. g5 Rh8 26. Nb5+ Kb6 27. a4 Nc4 28. h5 e5 29. g6 Bg4 30. g7 Rxh5
31. Rxh5 Bxh5
0-1